000 00651cab a22001935a 4500
001 L149706
008 100413e20100205xxkd f 000 0 eng d
035 _a(Sirsi) u149706
041 0 _aeng
100 1 _aMoone, Brian
245 0 0 _aLead times
_bJanuary-March 2010
260 _c2010
490 0 _aBuilding
_v275 (8624) 9 April 2010, 52-53 (2)
520 _aLead times for various products including piling, curtain walling and drylining; the industry may be turning the corner; data capture and analysis from Mace Business School.
590 _aKA
651 4 _aUnited Kingdom
_y
690 _aBUILT ENVIRONMENT-BUILDING ELEMENTS
942 _n0
999 _c82258
_d82258